Social media communication : concepts, practices, data, law and ethics

Bibliographic Details
Main Author: Lipschultz, Jeremy Harris , 1958- (Author)
Format: Book
Language:English
Edition:Second edition
Subjects:

MARC

LEADER 00000cam a2200000 7i4500
001 0000099068
005 20201221093000.0
008 200812s2018 nyu eng
020 |a 9781138229778 
040 |a UniSZA   |e rda 
050 0 0 |a HM741   |b .L57 2018 
090 0 0 |a HM741   |b .L57 2018 
100 1 |a Lipschultz, Jeremy Harris ,   |d 1958- ,   |e author 
245 1 0 |a Social media communication :   |b concepts, practices, data, law and ethics   |c Jeremy Harris Lipschultz 
250 |a Second edition 
264 0 |a New York :   |b Routledge   |c 2018 
300 |a xx, 375 pages ;   |c 24 cm. 
336 |a text  |2 rdacontent 
337 |a unmediated  |2 rdamedia 
338 |a volume  |2 rdacarrier 
504 |a Includes bibliographical references and index 
505 0 |a 1. Introduction to social media concepts -- 2. CMC, diffusion and social theories -- 3. Social media in journalism -- 4. Social media in public relations -- 5. Social media in advertising and marketing -- 6. Social media metrics and analytics 
650 0 |a Online social networks 
650 0 |a Social media 
650 0 |a Social media   |x Law and legislation 
650 0 |a Social networks 
999 |a 1000180339   |b Book   |c Open Shelf (1 Day)   |e Tembila Campus